Environmental science : (Record no. 15433)

000 -LEADER
fixed length control field 00891cam a2200289 a 4500
020 ## - INTERNATIONAL STANDARD BOOK NUMBER
ISBN 007252829X
020 ## - INTERNATIONAL STANDARD BOOK NUMBER
ISBN 9780072528299
020 ## - INTERNATIONAL STANDARD BOOK NUMBER
ISBN 0071117083
020 ## - INTERNATIONAL STANDARD BOOK NUMBER
ISBN 9780071117081
020 ## - INTERNATIONAL STANDARD BOOK NUMBER
ISBN 0072970480
020 ## - INTERNATIONAL STANDARD BOOK NUMBER
ISBN 9780072970487
040 ## - CATALOGING SOURCE
Transcribing agency DLC
082 00 - DEWEY DECIMAL CLASSIFICATION NUMBER
Classification number 363 MCG 2006 A076 Or.
100 1# - MAIN ENTRY--AUTHOR NAME
Personal name Enger, Eldon D.
245 10 - TITLE STATEMENT
Title Environmental science :
Remainder of title a study of interrelationships.
250 ## - EDITION STATEMENT
Edition statement 10th ed. /
260 ## - PUBLICATION, DISTRIBUTION, ETC. (IMPRINT)
Place of publication Boston :
Name of publisher McGraw-Hill,
Year of publication ℗♭2006.
300 ## - PHYSICAL DESCRIPTION
Number of Pages xxv, 476, 9, 2, 16 pages :
Other physical details color illustrations, color maps ;
Dimensions 29 cm
500 ## - GENERAL NOTE
General note Includes index.
520 ## - SUMMARY, ETC.
Summary, etc 2005 State Textbook Adoption - Rowan/Salisbury.
650 #0 - SUBJECT ADDED ENTRY--TOPICAL TERM
Topical Term Environmental sciences
650 #4 - SUBJECT ADDED ENTRY--TOPICAL TERM
Topical Term Environmental sciences.
700 1# - ADDED ENTRY--PERSONAL NAME
Personal name Smith, Bradley F.
700 1# - ADDED ENTRY--PERSONAL NAME
Personal name Bockarie, Anne Todd.
856 41 - ELECTRONIC LOCATION AND ACCESS
Uniform Resource Identifier http://catdir.loc.gov/catdir/toc/ecip0422/2004019843.html
942 ## - ADDED ENTRY ELEMENTS (KOHA)
Koha item type សៀវភៅភាសាអង់គ្លេស
952 ## - LOCATION AND ITEM INFORMATION (KOHA)
Withdrawn status [LOCAL, KOHA] 0
Holdings
Permanent Location Date acquired Koha item type Lost status Shelving location Barcode Current Location Full call number
Library Block A2017-11-21សៀវភៅភាសាអង់គ្លេស A078A12145Library Block A363 MCG 2006 A078 Or.
មជ្ឈមណ្ឌលឯការនៃសាកលវិទ្យាល័យភូមិន្ទកសិកម្មចំការដូង

Powered by Koha